Longest Country Names Without Jetpunk Accepted Abbreviations - Statistics

General Stats
  • This quiz has been taken 14 times
  • The average score is 5 of 8
Answer Stats
Length Country % Correct
28 Saint Vincent and the Grenadines
83%
18 Saint Kitts and Nevis
75%
18 São Tomé and Príncipe
75%
17 Trinidad and Tobago
75%
17 Antigua and Barbuda
58%
16 Equatorial Guinea
58%
15 Marshall Islands
58%
20 Bosnia and Herzegovina
50%
No matching quizzes found
Score Distribution
Percent of People with Each Score
Percentile by Number Answered
Your Score History
You have not taken this quiz